000 00458pab a2200169 454500
008 180718b1999 xxu||||| |||| 00| 0 eng d
100 _aMohanan, N.
245 _aImpact assessment of wage employment programmes in Andhra Pradesh
260 _c1999
300 _ap.33-37
362 _aMay
650 _aWages - India - Andhra Pradesh
650 _aEmployment - India - Andhra Pradesh
650 _aEmployment
773 _aKurukshetra
909 _a40856
999 _c40856
_d40856